[Event "Klatovy op 27th"]
[Site "Klatovy"]
[Date "2019.06.29"]
[Round "1"]
[White "Lochman, Vaclav"]
[Black "Hausner, Ivan"]
[Result "1/2-1/2"]
[WhiteElo "2007"]
[BlackElo "2370"]
[PlyCount "46"]
[EventDate "2019.06.29"]
[EventType "swiss"]
[EventRounds "9"]
[EventCountry "CZE"]
[SourceTitle "EXT 2020"]
[Source "ChessBase"]
[SourceDate "2019.10.17"]
[SourceVersion "1"]
[SourceVersionDate "2019.10.17"]
[SourceQuality "1"]

1. e4 c5 2. Nf3 d6 3. d4 cxd4 4. Nxd4 Nf6 5. Nc3 Nc6 6. Be2 e5 7. Nb3 Be7 8. 0-0 0-0 9. Be3 a5 10. f3 a4 11. Nd2 a3 12. b3 d5 13. Nxd5 Nxd5 14. exd5 Qxd5 15. Ne4 Qxd1 16. Rfxd1 Nd4 17. Bxd4 exd4 18. Rxd4 f5 19. Bc4+ Kh8 20. Nd6 Bf6 21. Rdd1 Bxa1 22. Nf7+ Kg8 23. Nh6+ Kh8 1/2-1/2

[Event "CZE-chT2C 1819"]
[Site "Czech Republic"]
[Date "2019.03.31"]
[Round "11.6"]
[White "Lochman, Vaclav"]
[Black "Postupa, Pavel"]
[Result "1/2-1/2"]
[WhiteElo "1988"]
[BlackElo "1923"]
[PlyCount "82"]
[EventDate "2018.10.14"]
[EventType "team-tourn"]
[EventRounds "11"]
[EventCountry "CZE"]
[SourceTitle "EXT 2022"]
[Source "ChessBase"]
[SourceDate "2021.10.06"]
[SourceVersion "1"]
[SourceVersionDate "2021.10.06"]
[SourceQuality "1"]
[WhiteTeam "Mlada Boleslav"]
[BlackTeam "Lysa nad Labem IV"]
[WhiteTeamCountry "CZE"]
[BlackTeamCountry "CZE"]

1. e4 d6 2. d4 Nf6 3. Nc3 Nbd7 4. Nf3 g6 5. Bc4 Nb6 6. Bb3 Bg7 7. h3 c6 8. Be3 0-0 9. Qe2 Qc7 10. 0-0 Nbd7 11. a4 e6 12. a5 Re8 13. Rfe1 Nf8 14. Qd2 e5 15. dxe5 dxe5 16. Bc5 Be6 17. Bxe6 Rxe6 18. Qe3 a6 19. Bb6 Qc8 20. Rad1 N6d7 21. Na4 Rb8 22. Re2 Re7 23. Red2 Ne6 24. b4 Nf4 25. Bc5 Nxc5 26. Qxc5 Qe8 27. Nb2 Bh6 28. Qd6 Bf8 29. c3 Ne6 30. Qd3 Bh6 31. Rc2 Rd8 32. Qc4 Rxd1+ 33. Nxd1 Qd8 34. Qf1 Rd7 35. Nb2 Bg7 36. g3 Ng5 37. Nxg5 Qxg5 38. Qe2 f5 39. Kg2 fxe4 40. Qc4+ Kf8 41. Qxe4 Qf5 1/2-1/2

[Event "CZE-chT2B 1617"]
[Site "Czech Republic"]
[Date "2017.03.19"]
[Round "10.6"]
[White "Sedivy, Ales"]
[Black "Lochman, Vaclav"]
[Result "0-1"]
[WhiteElo "1914"]
[BlackElo "1985"]
[PlyCount "74"]
[EventDate "2016.10.09"]
[EventType "team-tourn"]
[EventRounds "11"]
[EventCountry "CZE"]
[SourceTitle "EXT 2022"]
[Source "ChessBase"]
[SourceDate "2021.10.06"]
[SourceVersion "1"]
[SourceVersionDate "2021.10.06"]
[SourceQuality "1"]
[WhiteTeam "Horice"]
[BlackTeam "Mlada Boleslav"]
[WhiteTeamCountry "CZE"]
[BlackTeamCountry "CZE"]

1. f4 d5 2. b3 g6 3. Bb2 Nf6 4. e3 Bg7 5. Nf3 0-0 6. Be2 c5 7. Ne5 Nc6 8. Nxc6 bxc6 9. 0-0 a5 10. Nc3 Ne4 11. Na4 Bxb2 12. Nxb2 e6 13. Na4 Qe7 14. d3 Nf6 15. Bf3 Ba6 16. c4 e5 17. Qe1 e4 18. dxe4 dxc4 19. e5 Nd5 20. Bxd5 cxd5 21. Nb6 cxb3 22. Nxd5 Qb7 23. Nf6+ Kg7 24. Qh4 h6 25. Rf3 Rh8 26. axb3 Qxb3 27. Ne4 Bb7 28. Qf6+ Kg8 29. Nxc5 Qb2 30. Raf1 Bxf3 31. Rxf3 Qc1+ 32. Kf2 Qxc5 33. f5 Rh7 34. fxg6 Qc2+ 35. Ke1 fxg6 36. h4 Rg7 37. h5 Rb8 0-1

[Event "CZE-chT2B 1516"]
[Site "Czech Republic"]
[Date "2016.04.03"]
[Round "10.5"]
[White "Riha, Jaroslav1111"]
[Black "Lochman, Vaclav"]
[Result "1-0"]
[WhiteElo "2146"]
[BlackElo "2003"]
[PlyCount "41"]
[EventDate "2015.10.18"]
[EventType "team-tourn"]
[EventRounds "11"]
[EventCountry "CZE"]
[SourceTitle "EXT 2022"]
[Source "ChessBase"]
[SourceDate "2021.10.06"]
[SourceVersion "1"]
[SourceVersionDate "2021.10.06"]
[SourceQuality "1"]
[WhiteTeam "Teplice"]
[BlackTeam "Mlada Boleslav"]
[WhiteTeamCountry "CZE"]
[BlackTeamCountry "CZE"]

1. c4 Nf6 2. g3 e6 3. Bg2 c5 4. Nf3 Nc6 5. 0-0 Be7 6. d4 cxd4 7. Nxd4 0-0 8. Nc3 a6 9. b3 Qc7 10. Bb2 b6 11. Rc1 Bb7 12. Nd5 exd5 13. cxd5 Nxd5 14. Bxd5 Rfc8 15. Nf5 Bf8 16. Bxf7+ Kxf7 17. Qd5+ Kg6 18. Nh4+ Kh6 19. Rc4 g5 20. Bf6 Ne5 21. Qg8 1-0

[Event "CZE-chT2B 1415"]
[Site "Czech Republic"]
[Date "2014.12.14"]
[Round "4.5"]
[White "Lochman, Vaclav"]
[Black "Forman, Stepan"]
[Result "0-1"]
[WhiteElo "2006"]
[BlackElo "2272"]
[PlyCount "108"]
[EventDate "2014.11.02"]
[EventType "team-tourn"]
[EventRounds "11"]
[EventCountry "CZE"]
[SourceTitle "EXT 2022"]
[Source "ChessBase"]
[SourceDate "2021.10.06"]
[SourceVersion "1"]
[SourceVersionDate "2021.10.06"]
[SourceQuality "1"]
[WhiteTeam "Mlada Boleslav"]
[BlackTeam "Jicin III"]
[WhiteTeamCountry "CZE"]
[BlackTeamCountry "CZE"]

1. e4 c5 2. Nf3 e6 3. c4 a6 4. Nc3 Qc7 5. g3 d6 6. Bg2 Nf6 7. 0-0 Be7 8. b3 0-0 9. Bb2 Nc6 10. d4 cxd4 11. Nxd4 Bd7 12. Rc1 Rac8 13. Nd5 exd5 14. cxd5 Qb6 15. dxc6 bxc6 16. Qf3 Qa5 17. Bc3 Qa3 18. Rc2 d5 19. e5 Ne4 20. Bb2 Qa5 21. Nf5 Bxf5 22. Qxf5 Qxa2 23. Bxe4 dxe4 24. Qxe4 Qxb3 25. Rd1 Rc7 26. Rdd2 c5 27. Rc3 Qb7 28. Qxb7 Rxb7 29. Ba3 Rc8 30. Rd5 h6 31. f4 a5 32. Kg2 a4 33. Rc4 Ra8 34. f5 Rb3 35. Bxc5 a3 36. Bxa3 Rbxa3 37. Rd7 R3a7 38. Rxa7 Rxa7 39. Kf3 Ra5 40. Ke4 f6 41. Rc8+ Kh7 42. exf6 Bxf6 43. Rc4 Kg8 44. h3 Kf7 45. Rc7+ Kf8 46. Rb7 Ra4+ 47. Kd5 Rd4+ 48. Ke6 Re4+ 49. Kd6 Re3 50. g4 Rxh3 51. Rb8+ Kf7 52. Rb7+ Kg8 53. Rb8+ Kh7 54. Rb4 Rh4 0-1

[Event "Hrdonov Fontana op"]
[Site "Hrdonov"]
[Date "2012.10.23"]
[Round "5"]
[White "Sedivy, Martin"]
[Black "Lochman, Vaclav"]
[Result "1-0"]
[WhiteElo "1878"]
[BlackElo "2026"]
[PlyCount "64"]
[EventDate "2012.10.20"]
[EventType "swiss"]
[EventRounds "9"]
[EventCountry "CZE"]
[SourceTitle "CBM 151 Extra"]
[Source "ChessBase"]
[SourceDate "2012.12.18"]
[SourceVersion "1"]
[SourceVersionDate "2012.12.18"]
[SourceQuality "1"]

1. e4 c6 2. b3 d5 3. exd5 cxd5 4. Bb2 Nf6 5. Nf3 Nc6 6. d4 g6 7. Nbd2 Bg7 8. Bb5 0-0 9. Bxc6 bxc6 10. 0-0 Bg4 11. h3 Bxf3 12. Qxf3 e6 13. Rfe1 Rc8 14. b4 Qb6 15. Qb3 Rb8 16. a3 Nd7 17. Nf3 Rfc8 18. c4 dxc4 19. Qxc4 Qb5 20. Qxb5 cxb5 21. Rac1 Nb6 22. Nd2 Na4 23. Ba1 Bh6 24. Rxc8+ Rxc8 25. Ne4 Rc1 26. Nf6+ Kf8 27. Nd7+ Ke8 28. Rxc1 Bxc1 29. Ne5 Bxa3 30. Nc6 a6 31. Nb8 Bxb4 32. Nxa6 Bd6 1-0

[Event "CZE-chT rap"]
[Site "Pardubice"]
[Date "2012.07.13"]
[Round "2.1"]
[White "Lochman, Vaclav"]
[Black "Vojta, Tomas"]
[Result "0-1"]
[WhiteElo "2018"]
[BlackElo "2353"]
[PlyCount "96"]
[EventDate "2012.07.12"]
[EventType "team-swiss"]
[EventRounds "7"]
[EventCountry "CZE"]
[SourceTitle "EXT 2013"]
[Source "ChessBase"]
[SourceDate "2012.11.22"]
[SourceVersion "1"]
[SourceVersionDate "2012.11.22"]
[SourceQuality "1"]

1. e4 d5 2. exd5 Nf6 3. d4 Bg4 4. Nf3 Qxd5 5. Be2 Nc6 6. 0-0 0-0-0 7. c3 e6 8. h3 Bh5 9. Bf4 h6 10. Ne5 Bxe2 11. Qxe2 Nxe5 12. Bxe5 Nd7 13. Bh2 Bd6 14. Bxd6 Qxd6 15. Nd2 Rhe8 16. Nc4 Qd5 17. Rfe1 Kb8 18. Ne5 Nxe5 19. Qxe5 Qxe5 20. Rxe5 Rd6 21. Rae1 Red8 22. f4 g6 23. Kf2 b6 24. g4 Kb7 25. f5 exf5 26. gxf5 Rf6 27. Ke3 Kc6 28. Kf4 Rd5 29. Rxd5 Kxd5 30. Re5+ Kc4 31. Ke4 gxf5+ 32. Rxf5 Rxf5 33. Kxf5 Kd3 34. h4 Kc2 35. h5 Kxb2 36. Kf6 Kxa2 37. Kxf7 Kb3 38. Kg6 a5 39. Kxh6 a4 40. Kg6 a3 41. h6 a2 42. h7 a1Q 43. h8Q Qxc3 44. Qd8 Qc6+ 45. Kf5 b5 46. d5 Qc5 47. Ke6 b4 48. Qa8 Qd6+ 0-1

[Event "Nachod op"]
[Site "Nachod"]
[Date "2012.07.05"]
[Round "6"]
[White "Veznik, Michael"]
[Black "Lochman, Vaclav"]
[Result "1/2-1/2"]
[WhiteElo "1885"]
[BlackElo "2018"]
[PlyCount "96"]
[EventDate "2012.06.30"]
[EventType "swiss"]
[EventRounds "9"]
[EventCountry "CZE"]
[SourceTitle "CBM 149 Extra"]
[Source "ChessBase"]
[SourceDate "2012.08.24"]
[SourceVersion "1"]
[SourceVersionDate "2012.08.24"]
[SourceQuality "1"]

1. c4 c5 2. g3 Nf6 3. Bg2 e6 4. d4 cxd4 5. Qxd4 Be7 6. e4 Nc6 7. Qd1 d6 8. Nc3 0-0 9. Nf3 a6 10. 0-0 Qc7 11. Qe2 Rb8 12. b3 b6 13. Rd1 Bb7 14. Nd4 Nxd4 15. Rxd4 Nd7 16. Ba3 Nc5 17. Rc1 Bf6 18. Rdd1 Rfd8 19. b4 Nd7 20. f4 Rbc8 21. Na4 Be7 22. Bb2 Qb8 23. Bd4 Ba8 24. Qf2 b5 25. cxb5 Qxb5 26. Nb6 Nxb6 27. Bxb6 Re8 28. a3 Rxc1 29. Rxc1 Qd3 30. Qe3 Qxe3+ 31. Bxe3 Bd8 32. Rc8 Bb7 33. Rb8 Bc6 34. Bb6 Bf6 35. Rxe8+ Bxe8 36. Bc7 Bb2 37. Bxd6 Bxa3 38. e5 Bb5 39. Bf1 f6 40. Bxb5 axb5 41. Kf2 fxe5 42. fxe5 Kf7 43. Ke3 Bb2 44. g4 Ke8 45. h4 g6 46. h5 Kd7 47. Ke4 Kc6 48. Bf8 Bc3 1/2-1/2

[Event "Czechia KP-chTA 0607"]
[Site "Czech Republic"]
[Date "2007.02.18"]
[Round "10.7"]
[White "Hampl, Jiri"]
[Black "Lochman, Vaclav"]
[Result "1/2-1/2"]
[WhiteElo "1784"]
[BlackElo "1804"]
[PlyCount "59"]
[EventDate "2006.10.29"]
[EventType "team"]
[EventRounds "11"]
[EventCountry "CZE"]
[SourceTitle "EXT 2008"]
[Source "ChessBase"]
[SourceDate "2007.11.25"]
[SourceVersion "1"]
[SourceVersionDate "2007.11.25"]
[SourceQuality "1"]
[WhiteTeam "AS MB"]
[BlackTeam "Bakov nad Jizerou"]
[WhiteTeamCountry "CZE"]
[BlackTeamCountry "CZE"]

1. e4 e5 2. Bc4 Nc6 3. Nf3 Bc5 4. Nc3 Nf6 5. d3 h6 6. h3 d6 7. Be3 Bb6 8. Qd2 Bd7 9. g4 Na5 10. Bb3 Nxb3 11. axb3 Bxe3 12. Qxe3 a6 13. Ne2 Qe7 14. Ng3 Nh7 15. Nh5 Rg8 16. Ng3 Ng5 17. Nh4 Ne6 18. Nhf5 Qg5 19. Qxg5 hxg5 20. Nh5 Kf8 21. Ne3 Bc6 22. Kd2 Nf4 23. Nxf4 gxf4 24. Ng2 Bd7 25. f3 g5 26. h4 gxh4 27. Nxh4 Kg7 28. Rh2 Rh8 29. Rah1 Rh7 30. Ng2 1/2-1/2